Văn Hóa Tộc Người Châu Âu
Zapisane w:
| Format: | Książka |
|---|---|
| Język: | Vietnamese |
| Wydane: |
VH-TT
2011
|
| Hasła przedmiotowe: | |
| Etykiety: |
Dodaj etykietę
Nie ma etykietki, Dołącz pierwszą etykiete!
|
| Thư viện lưu trữ: | Mạng thư viện Đại học Đà Nẵng |
|---|
| LEADER | 00981cam a22003131a 4500 | ||
|---|---|---|---|
| 001 | 000033796 | ||
| 003 | 9986 | ||
| 005 | 20151026000000.0 | ||
| 008 | 151026s2011 000 vie | ||
| 041 | |a vie | ||
| 082 | |a 495.92 |b PH-T | ||
| 245 | |a Văn Hóa Tộc Người Châu Âu | ||
| 260 | |a VH-TT |c 2011 | ||
| 300 | |a 16*24cm , ill: 583tr. | ||
| 650 | |a Văn Hóa, Châu Âu,2011 | ||
| 852 | |b Chuyên đề |c Ngôn ngữ tiếng Việt 1 | ||
| OWN | |a LNN | ||
| AVA | |a UDN50 |b LNN |d 495.92 PH-T |e available |t Error 5001 Not defined in file expand_doc_bib_avail. |f 1 |g 0 |h N |i 0 |k 1 | ||
| 999 | |a From the UDN01 | ||
| AVA | |a UDN50 |b LNN |d 495.92 PH-T |e available |t Error 5001 Not defined in file expand_doc_bib_avail. |f 1 |g 0 |h N |i 0 |k 1 | ||
| TYP | |a Monograph | ||
| TYP | |a Printed language | ||
| 980 | |a Mạng thư viện Đại học Đà Nẵng | ||